Mori Sa'id, (Запис № 527006)

МАРК-запис
000 -LEADER
fixed length control field 01084nam a2200253u 4500
001 - CONTROL NUMBER
control field morisaid00haza
003 - CONTROL NUMBER IDENTIFIER
control field CaSfIA
005 - DATE AND TIME OF LATEST TRANSACTION
control field 20210118190637.0
007 - PHYSICAL DESCRIPTION FIXED FIELD--GENERAL INFORMATION
fixed length control field cr||||
008 - FIXED-LENGTH DATA ELEMENTS--GENERAL INFORMATION
fixed length control field 821209s1956 xx 000 0 eng
035 ## - SYSTEM CONTROL NUMBER
-- (DLC) 56007618
010 ## - LIBRARY OF CONGRESS CONTROL NUMBER
LC control number 56007618
040 ## - CATALOGING SOURCE
Original cataloging agency DLC
Transcribing agency CarP
Modifying agency DLC
-- CaSfIA
050 00 - LIBRARY OF CONGRESS CALL NUMBER
Classification number PZ3.H338
Item number Mo
100 1# - MAIN ENTRY--PERSONAL NAME
Personal name Hazaz, Haim,
Dates associated with a name 1898- [from old catalog]
245 10 - TITLE STATEMENT
Title Mori Sa'id,
Medium [electronic resource]
260 ## - PUBLICATION, DISTRIBUTION, ETC. (IMPRINT)
Place of publication, distribution, etc New York.
Name of publisher, distributor, etc Abelard-Schuman
Date of publication, distribution, etc [1956]
300 ## - PHYSICAL DESCRIPTION
Extent 340 p.
Dimensions 22 cm.
506 ## - RESTRICTIONS ON ACCESS NOTE
Standardized terminology for access restriction Необхідна авторизація на https://archive.org/ (створення облікового запису безкоштовно)
506 ## - RESTRICTIONS ON ACCESS NOTE
Standardized terminology for access restriction Необхідна авторизація на https://openlibrary.org/ (створення облікового запису безкоштовно)
856 41 - ELECTRONIC LOCATION AND ACCESS
Uniform Resource Identifier <a href="http://www.archive.org/details/morisaid00haza">http://www.archive.org/details/morisaid00haza</a>
Public note Free eBook from the Internet Archive
856 42 - ELECTRONIC LOCATION AND ACCESS
Uniform Resource Identifier <a href="http://www.openlibrary.org/books/OL24450169M">http://www.openlibrary.org/books/OL24450169M</a>
Public note Additional information and access via Open Library
942 ## - ADDED ENTRY ELEMENTS (KOHA)
Koha item type ЕКнига

Немає доступних примірників.